书目信息 |
| 题名: |
中国20世纪文学理论批评史
|
|
| 作者: | 黄曼君 主编 | |
| 分册: | 上 | |
| 出版信息: | 北京 中国文联出版公司 2002 |
|
| 页数: | 499页 | |
| 开本: | 19cm | |
| 丛书名: | ||
| 单 册: | ||
| 中图分类: | I206.09 | |
| 科图分类: | ||
| 主题词: | 文学批评史--中国--20世纪 | |
| 电子资源: | ||
| ISBN: | 7-5059-3892-4 | |
| 000 | 00600nam0 2200193 45 | |
| 001 | 0309231025 | |
| 005 | 20031219104116.0 | |
| 010 | @a7-5059-3892-4@dCNY46.00 | |
| 100 | @a20030923d2002 km y0chiy0120 ea | |
| 101 | 0 | @achi |
| 105 | @a z 000yy | |
| 200 | 1 | @a中国20世纪文学理论批评史@h上@AZhong Guo 20 Shi Ji Wen Xue Li Lun Pi Ping Shi@f黄曼君主编@FHuang Man Jun Zhu Bian |
| 210 | @a北京@c中国文联出版公司@d2002 | |
| 215 | @a499页@d19cm | |
| 606 | 0 | @a文学批评史@y中国@z20世纪 |
| 690 | @aI206.09@v4 | |
| 701 | @a黄曼君@4主编 | |
| 801 | @aCN@bTSTC@c20030923 | |
| 905 | @b326267-269@dI206.09@e13:1@f3 | |
| 中国20世纪文学理论批评史.上/黄曼君主编.-北京:中国文联出版公司,2002 |
| 499页;19cm |
| ISBN 7-5059-3892-4:CNY46.00 |
| ● |
| 相关链接 |
|
|
|
|
正题名:中国20世纪文学理论批评史
索取号:I206.09/13:1
 
预约/预借
| 序号 | 登录号 | 条形码 | 馆藏地/架位号 | 状态 | 备注 |
| 1 | 0326267 | 203262673 | 第二借阅区/ [索取号:I206.09/13:1] | 在馆 | |
| 2 | 0326268 | 203262682 | 第一样本阅览室/ [索取号:I206.09/13:1] | 在馆 | |
| 3 | 0326269 | 203262691 | 第二借阅区/ [索取号:I206.09/13:1] | 在馆 |